Statistics for Commonest Answers in the Countries of the World One Minute Sprint

Click here to take the quiz!

General Stats

  • This quiz has been taken 68 times
  • The average score is 19 of 21

Answer Stats

%letterscountry% Correct
736Mexico
100%
79(2)United
Kingdom
100%
92(3)United
States
100%
656Brazil
98%
866Canada
98%
755China
98%
686France
98%
545India
98%
485Italy
98%
539Australia
97%
796Russia
95%
515Japan
94%
655Spain
92%
527Germany
91%
486Sweden
82%
466Norway
79%
507Ireland
76%
37fourPeru
70%
428Portugal
67%
457Iceland
65%
425Chile
55%

Score Distribution

Percentile by Number Answered

Percent of People with Each Score

Your Score History

You have not taken this quiz